MARC

LEADER 00000nam0a2200000 4500
001 310929
005 20231102002333.0
020 |a RU  |b 82-12496 
035 |a (RuTPU)RU\TPU\book\336283 
090 |a 310929 
100 |a 20151201d1982 m y0rusy5003 ca 
101 0 |a rus 
102 |a RU 
105 |a a j 001zy 
200 1 |a Строительная механика  |e учебное пособие  |f А. Р. Ржаницын 
210 |a Москва  |c Высшая школа  |d 1982 
215 |a 400 с.  |c ил. 
320 |a Библиогр.: с. 396 
606 1 |a Строительная механика  |2 stltpush  |3 (RuTPU)RU\TPU\subj\57240  |9 75102 
610 1 |a статические системы 
610 1 |a расчет 
610 1 |a упругие системы 
610 1 |a статически неопределимые системы 
610 1 |a упругие стержни 
610 1 |a арки 
610 1 |a балки 
610 1 |a составные стержни 
610 1 |a метод предельного равновесия 
610 1 |a устойчивость 
610 1 |a ползучесть 
610 1 |a динамика 
610 1 |a метод конечных элементов 
610 1 |a оболочки 
610 1 |a расчет на надежность 
610 1 |a учебные пособия 
675 |a 624.04(075.8)  |z rus  |v 3 
700 1 |a Ржаницын  |b А.Р.  |g Алексей Руфович  |4 070 
801 0 |a RU  |b RuMRKP  |c 19950704  |g psbo 
801 1 |a RU  |b 63413507  |c 20151201 
801 2 |a RU  |b 63413507  |c 20180926  |g RCR 
942 |c BK